000 00604nam a2200217Ia 4500
003 GCL
008 140319s9999 xx 000 0 eng d
040 _aGCL /
_cGCL
082 0 4 _a852.052
_bA S
100 1 _aANDREWS, RICHARD
245 1 0 _aSCRIPTS AND SCENARIOS: THE PERFORMANCE OF COMEDY IN RENAISIAM ITALY /
_cANDREWS, RICHARD
260 _a[S.N] :
_bCAMBRIDGE UNIVERSITY PRESS ،
_c1993
300 _a298 P
650 0 4 _aCHEKOV, ANTON PALOVICH
650 0 4 _aHISTORY AND CRITICISM
650 0 4 _aTHEATER
650 0 4 _aITALY
650 0 4 _aITALIAN DRAMA
650 0 4 _aCOMEDY
942 _2ddc
_cBK
999 _c25163
_d25163